000 00540nam a2200217Ia 4500
003 OSt
005 20220926042355.0
006 a|||||r|||| 00| 0
007 ta
008 220923b |||||||| |||| 00| 0 eng d
037 _cGeneral Book
040 _aRTL
_cRTL
_beng
041 _2eng
_aeng
082 _aXB, H0
100 _aSnowden Philip
_9346164
245 0 _aSocialism and sydicalism
260 _c1940
650 _aWar Economics
_9233725
942 _hXB, H0
_cGB
_2CC
999 _c669556
_d669556